| 000 | 00966 aa a2200229 4500 | ||
|---|---|---|---|
| 005 | 20120519132831.0 | ||
| 010 | _a | ||
| 020 |
_c50.00 _a8181460461 |
||
| 035 | _aB-85540 | ||
| 037 | _bpub | ||
| 082 | _a509.2 | ||
| 100 |
_aशर्मा, राजेश _947487 |
||
| 245 |
_aभारत के महान वैज्ञानिक डॉ. के.एस.कृष्णन / _cराजेश शर्मा _b |
||
| 246 |
_a _b |
||
| 260 |
_aदिल्ली _bअरूण प्रकाशन _c2004 |
||
| 270 |
_a _bनई दिल्ली _e _k |
||
| 300 |
_a63पृ _c22 सेमी (सजिल्द) |
||
| 650 |
_aहिन्दी उपन्यास _947488 |
||
| 650 |
_aHindi Novel _947489 |
||
| 942 |
_adpl _cHN _k _2ddc _h509.2 _mकृष्णन |
||
| 999 |
_c66917 _d66917 |
||